Statistics for Countries with the Lowest GDP

Click here to take the quiz!

General Stats

  • This quiz has been taken 132 times
  • The average score is 9 of 13

Answer Stats

GDP (US $)Answer% Correct
403,000,000Tonga
82%
167,000,000Kiribati
80%
293,000,000Palau
79%
786,000,000Samoa
78%
322,000,000Federated States of Micronesia
76%
183,000,000Marshall Islands
74%
773,000,000Vanuatu
70%
350,000,000Sao Tome and Principe
67%
903,000,000St Kitts and Nevis
67%
775,000,000St Vincent and the Grenadines
67%
620,000,000Comoros
63%
520,000,000Dominica
52%
965,000,000Gambia
37%

Score Distribution

Percentile by Number Answered

Percent of People with Each Score

Your Score History

You have not taken this quiz